Представление документа в формате RUSMARC

ПолеНазваниеЗначение
  Тип записи a
  Библиографический уровень a
001 Контрольный номер RU/УОНБ/EK_Kray/538678130
005 Дата корректировки 20240131004936.2
100 Данные общей обработки __
a Данные общей обработки 20170125d2017 ||| 0rusy0189 ca
101 Язык документа 0_
a Язык текста rus
102 Страна публикации __
a Страна публикации RU
105 Кодированные данные (монография) __
a Кодированные данные (монография) y###||||000|y
200 Заглавие и сведения об ответственности 1_
a Заглавие О чем плакали зеркала
e Сведения, относящиеся к заглавию о ранней поэзии Елены Токарчук
f Первые сведения об ответственности Лилит Козлова
225 Серия 1_
a Серия Память сердца
327 Примечание о содержании 11
a Примечание о содержании Марксизм
327 Примечание о содержании 11
a Примечание о содержании К русскому человеку
461 Уровень набора _0
1 001RU/УОНБ/EK/432749072
1 2001
a Симбирскъ
e лит. журн.
v № 8
1 2101
a Ульяновск
c МедиаЦентр
d 2016
463 Уровень физической единицы _0
1 001RU/УОНБ/EK/528394739
1 2000
a № 8
v С. 62-66
600 Персоналии _1
a Персоналии (Фамилия) Токарчук, Елена
610 Ключевые слова 0_
a Ключевые слова стихи
610 Ключевые слова 0_
a Ключевые слова поэты Ульяновска
686 Индексы других классификаций __
a Классификационный индекс 84-5
2 Код системы rubbk
700 Автор _1
a Фамилия Козлова
b Имя (инициалы) Л.
g Полное личное имя Лилит
801 Источник записи _0
a Страна RU
b Организация Ульяновская ОНБ
c Дата составления 20170125
g Правила каталогизации RCR
801 Источник записи _1
a Страна RU
b Организация Ульяновская ОНБ
c Дата составления 20170125
g Правила каталогизации RCR
901 Тип документа __
t Тип документа c
w Контрольный № источника RU/УОНБ/EK/528394739
909 Создатель записи __
a Создатель записи Шевякова
938 Служебная информация __
a Имя БД kraeved_work
b Имя библиотеки УОНБ
c Имя АИБС МАРК-SQL
d Номер DOC_ID в БД 126092